000 01123nam a2200301 i 4500
001 187644
003 ES-MaACL
005 20250815051006.0
008 171214s2009 sp ad |||| | spa d
020 _a978-84-9742-852-1
080 _a62/69(460)"19"
245 0 0 _aCiencia y tecnología /
_cCarlos Sánchez del Río, Emilio Muñoz y Enrique Alarcón, editores.
260 _aMadrid :
_bBiblioteca Nueva,
_c[2009]
300 _a1122 p. :
_bil., gráf. ;
_c25 cm.
490 1 _aEspaña Siglo XXI ;
_v4
504 _aBibliografía.
505 8 _aContiene: Ciencias exactas y física y química . Biología . Tecnología
650 4 _aCiencia-
_zEspaña-
_yS.XX.
_910946
650 4 _aTecnología-
_zEspaña-
_yS.XX.
_917405
700 1 _aSánchez del Río, Carlos.
_9102608
700 1 _aMuñoz, Emilio,
_d1937-
_9164911
700 1 _aAlarcón, Enrique.
_919125
830 1 0 _aEspaña siglo XXI (Biblioteca Nueva)
_v4
_9192811
852 4 _aES-MaACL
_jA-14142
_9194731
_bR.151327
_cDEPO1
_dOlim: N-7142
914 _96336
_aReal Academia Española
942 _2udc
_cMONOGRAFIA
999 _c187644
_d187644